000 00427nam a2200181Ia 4500
003 LK-CoDNM
005 20240912102614.0
008 010623t1875 xxu||||| |||| 00| 1 eng d
040 _aLK-CoDNM
_dLK-CoDNM
_eLK-CoDNM
041 _aeng
080 _a6
_bN1
100 _aBocarro, Antonio
245 _aColleccao de Monumentos Ineditos
260 _aLisbon
_c1875
300 _b805p. ; 27 cm
650 _aAsia
942 _cBK
999 _c81966
_d81966